| 000 | 00608nam a22002537a 4500 | ||
|---|---|---|---|
| 003 | UA-OsUOA | ||
| 001 | 21300 | ||
| 007 | ta | ||
| 008 | 20031126b un ||||| |||| 00| 0 ukr d | ||
| 100 | _aБойко О.Д. | ||
| 090 |
_a94(477)(075.8) _bБ77 |
||
| 942 | _cBK | ||
| 040 |
_aUA-OsUOA _bukr _cUA-OsUOA _dUA-OsUOA |
||
| 245 |
_aІсторія України _bПосібник |
||
| 300 | _a656 с. | ||
| 955 | _a0 | ||
| 041 | _aukr | ||
| 080 | _a94(477)(075.8) | ||
| 020 | _a966-8226-03-8 | ||
| 260 |
_aКиїв _bАкадемвидав _c2003 |
||
| 044 | _aUA | ||
| 650 | 7 | _2UDC | |
| 999 |
_c307494 _d307494 |
||